000 00590nam a2200193 i 4500
001 104247
003 ES-MaACL
005 20250724075215.0
007 t|
008 051125s1905 sp ||||1| spa d
100 1 _aMifsut y Macón, Arturo.
_980982
245 1 0 _aGeodesia y cartografía /
_cpor D. Arturo Mifsut y Macón.
260 _aMadrid :
_b[s.n.],
_c1905 (
_fTalleres del Depósito de la Guerra)
300 _aXXXI, 821 p. ;
_c23 cm.
650 7 _aGeodesia
_2embne
_913068
650 4 _aCartografía.
_9136461
852 _aES-MaACL
_jA-5279
_bR.18045
999 _c104247
_d104247